[Event "USA-ch Girls 2017"]
[Site "Saint Louis"]
[Date "2017.07.17"]
[Round "9"]
[White "Yip, Carissa"]
[Black "Nguyen, Emily"]
[Result "1-0"]
[WhiteElo "2261"]
[BlackElo "2048"]
[Annotator "ChessBase"]
[PlyCount "57"]
[EventDate "2017.??.??"]
[EventType "tourn"]
[EventCountry "USA"]
[SourceTitle "playchess.com"]
[Source "ChessBase"]
[SourceQuality "1"]
[TimeControl "40/5400+30:1800+30"]

1. e4 {[%emt 0:00:00]} c5 {[%emt 0:00:05]} 2. Nf3 {[%emt 0:00:00]} e6 {[%emt 0:00:06]} 3. d4 {[%emt 0:00:00]} cxd4 {[%emt 0:00:07]} 4. Nxd4 {[%emt 0:00:00]} a6 {[%emt 0:00:11]} 5. Nc3 {[%emt 0:00:00]} Qc7 {[%emt 0:00:07]} 6. Bd3 {[%emt 0:00:06]} Nc6 {[%emt 0:00:12]} 7. Be3 {[%emt 0:00:06]} Nf6 {[%emt 0:00:14]} 8. O-O {[%emt 0:00:08]} Nxd4 {[%emt 0:00:16]} 9. Bxd4 {[%emt 0:00:07]} Bc5 {[%emt 0:00:08]} 10. Be2 {[%emt 0:00:54]} e5 {[%emt 0:00:11]} 11. Bxc5 {[%emt 0:00:54]} Qxc5 {[%emt 0:00:07]} 12. a4 {[%emt 0:03:28]} b6 {[%emt 0:05:35]} 13. Qd3 {[%emt 0:03:52]} Bb7 {[%emt 0:02:50]} 14. Rfd1 {[%emt 0:05:59]} O-O {[%emt 0:02:40]} 15. Rab1 {[%emt 0:01:48]} Rac8 {[%emt 0:05:23]} 16. Rd2 {[%emt 0:06:34]} Rfd8 {[%emt 0:04:40]} 17. Nd5 {[%emt 0:12:21]} Nxd5 {[%emt 0:10:54]} 18. exd5 {[%emt 0:00:06]} Qb4 {[%emt 0:11:29]} 19. Qe3 {[%emt 0:02:57]} d6 {[%emt 0:05:00]} 20. c3 {[%emt 0:01:39]} Qb3 {[%emt 0:16:50]} 21. Ra1 {[%emt 0:07:24]} Bxd5 {[%emt 0:07:27]} 22. Ra3 {[%emt 0:00:17]} Qxa3 {[%emt 0:00:07]} 23. bxa3 {[%emt 0:00:04]} Rc5 {[%emt 0:00:19]} 24. Bxa6 {[%emt 0:01:28]} Ra8 {[%emt 0:00:28]} 25. Bb5 {[%emt 0:03:11]} Rac8 {[%emt 0:00:39]} 26. h3 {[%emt 0:00:25]} g6 {[%emt 0:00:30]} 27. Ba6 {[%emt 0:02:41]} R8c7 {[%emt 0:00:26]} 28. Rb2 {[%emt 0:00:13]} Rxc3 {[%emt 0:00:20]} 29. Qxb6 {[%emt 0:00:14]} 1-0

[Event "USA-ch Girls 2017"]
[Site "Saint Louis"]
[Date "2017.07.17"]
[Round "9"]
[White "Virkud, Apurva"]
[Black "Gorti, Akshita"]
[Result "1/2-1/2"]
[WhiteElo "2213"]
[BlackElo "2232"]
[Annotator "TA"]
[PlyCount "78"]
[EventDate "2017.??.??"]
[EventType "tourn"]
[EventCountry "USA"]
[SourceTitle "playchess.com"]
[Source "ChessBase"]
[SourceQuality "1"]

{[%evp 21,78,-15,-7,-53,-16,-103,-104,-101,-98,-85,-48,-108,-100,-122,-112,-116,-89,-131,-125,-125,-104,-128,-104,-141,-110,-109,-108,-95,-97,-114,-87,-84,-88,-80,-81,-75,-11,-16,0,-22,10,-28,14,0,0,-25,0,-7,-13,-13,-13,-33,-25,-45,-29,-51,0,0,0]} 1. d4 e6 2. c4 Nf6 3. g3 d5 4. Nf3 Bb4+ 5. Bd2 Be7 6. Bg2 O-O 7. O-O Nbd7 8. Qc2 c6 {[%cal Bc7c6,Bc6b5][%mdl 32]} 9. b3 b6 10. Rd1 a5 {E11: Bogo-Indian} 11. Nc3 (11. Bc3 Ne4 12. Ne5 Nxe5 13. Bxe4 f5 14. Bxd5 exd5 15. dxe5 f4 16. cxd5 cxd5 17. Bd4 Ba6 18. Qc6 Bxe2 {½-½ (28) Ding,L (2773)-Giri,A (2785) Moscow 2017}) 11... Ba6 {LiveBook: 6 Games} 12. Na4 $146 ({Predecessor:} 12. Qd3 c5 13. Nb5 Bxb5 14. cxb5 a4 15. Ne5 Nxe5 16. dxe5 Nd7 17. f4 Ra7 18. Bc3 {½-½ (82) Georgiev,K (2675)-Stojanovic,M (2557) Cetinje 2010}) 12... b5 {Black is slightly better.} 13. cxb5 (13. Nb2 $1 $11) 13... cxb5 $17 14. Nb2 Rc8 15. Qb1 Ne4 16. Nd3 (16. a3 $15) 16... b4 17. Bf1 Qb6 18. e3 Ndf6 19. Nde5 Bxf1 20. Rxf1 Rc7 21. Qd3 Rfc8 22. Rac1 Nxd2 23. Qxd2 Ne4 24. Rxc7 Qxc7 25. Qe2 f6 26. Qa6 Bd6 27. Nd3 Kf7 28. Rc1 {[#]} Nc3 (28... Qxc1+ $1 $17 29. Nxc1 Rxc1+ 30. Kg2 Rc2) 29. Kg2 $11 g5 30. h3 h6 31. Ng1 e5 32. dxe5 (32. Ne2 $5) 32... fxe5 33. Ne2 (33. Nf3 $5 {[%cal Rd3e5]} Rh8 34. Nb2 $11) 33... Kg7 34. Rc2 Qc6 35. Qxc6 $1 ({But not} 35. Qxa5 $2 d4+ 36. Kh2 Ra8 $19) 35... Rxc6 36. Kf1 Kf6 37. Ke1 Rc7 38. g4 Nxe2 (38... e4 $15 39. Ndc1 Be5) 39. Rxc7 Bxc7 {Precision: White = 32%, Black = 42%.} 1/2-1/2

[Event "USA-ch Girls 2017"]
[Site "Saint Louis"]
[Date "2017.07.17"]
[Round "9"]
[White "Eswaran, Ashritha"]
[Black "Cervantes Landeiro, Thalia"]
[Result "0-1"]
[WhiteElo "2086"]
[BlackElo "2032"]
[Annotator "NA RC"]
[PlyCount "100"]
[EventDate "2017.??.??"]
[EventType "tourn"]
[EventCountry "USA"]
[SourceTitle "playchess.com"]
[Source "ChessBase"]
[SourceQuality "1"]
[TimeControl "40/5400+30:1800+30"]

1. e4 {[%emt 0:00:00]} e5 {[%emt 0:00:02]} 2. Nf3 {[%emt 0:00:00]} Nc6 {[%emt 0:00:05]} 3. Nc3 {[%emt 0:00:03]} Nf6 {[%emt 0:00:18]} 4. d4 {[%emt 0:00:13]} exd4 {[%emt 0:00:16]} 5. Nxd4 {[%emt 0:00:12]} Bb4 {[%emt 0:00:14]} 6. Nxc6 {[%emt 0:00:28]} bxc6 {[%emt 0:00:06]} 7. Bd3 {[%emt 0:00:15]} O-O {[%emt 0:00:25]} 8. O-O {[%emt 0:00:41]} d5 {[%emt 0:00:41]} 9. exd5 {[%emt 0:00:29]} cxd5 {[%emt 0:00:08]} 10. h3 {[%emt 0:00:41] C47: Scotch Four Knights and Four Knights with 4 g3} c6 {[%emt 0:03:21]} 11. Qf3 {[%emt 0:01:13]} Bd6 {[%emt 0:01:06]} (11... Re8 12. Bf4 Qe7 13. a3 Bd6 14. Ne2 c5 15. b3 Be6 16. Bxd6 Qxd6 17. Rad1 Qe7 {1-0 (58) Bacrot,E (2696)-Fressinet,L (2668) Balagna 2017}) 12. Re1 {[%emt 0:01:34]} Be6 {[%emt 0:01:39]} 13. Bf4 {[%emt 0:02:32]} Rb8 {[%emt 0:01:10]} 14. b3 {[%emt 0:03:53]} Bxf4 {[%emt 0:03:53]} 15. Qxf4 {[%emt 0:00:10] [#]} Qa5 $146 {[%emt 0:00:16]} ({Predecessor:} 15... c5 16. Ne2 Rb6 17. c3 Qb8 {½-½ (36) Breder,D (2463)-Prusikin,M (2528) Switzerland 2016}) 16. Ne2 {[%emt 0:03:39]} c5 {[%emt 0:03:43]} 17. a3 {[%emt 0:09:32]} Rbc8 {[%emt 0:04:09]} 18. b4 {[%emt 0:04:08]} Qb6 {[%emt 0:02:54]} 19. bxc5 {[%emt 0:03:41]} Qxc5 {[%emt 0:00:24]} 20. Nd4 {[%emt 0:03:20]} Rfe8 {[%emt 0:09:44]} 21. Re3 {[%emt 0:08:41]} Bd7 {[%emt 0:06:58]} 22. Rae1 {[%emt 0:02:17]} Qa5 {[%emt 0:04:07]} 23. Rxe8+ {[%emt 0:04:04]} Rxe8 {[%emt 0:00:54]} 24. Rxe8+ {[%emt 0:04:38]} Bxe8 {[%emt 0:04:29]} 25. Qe3 {[%emt 0:01:10]} Qb6 {[%emt 0:02:02]} 26. Nf5 {[%emt 0:04:30]} Qxe3 {[%emt 0:00:31]} 27. Nxe3 {[%emt 0:00:22]} g6 {[%emt 0:05:48]} 28. c4 {[%emt 0:10:23]} dxc4 {[%emt 0:01:53]} 29. Bxc4 {[%emt 0:01:09]} Kf8 {[%emt 0:01:06]} 30. Nd5 {[%emt 0:06:39]} Nxd5 {[%emt 0:01:16]} 31. Bxd5 {[%emt 0:00:09]} Ke7 {[%emt 0:01:06]} 32. Kf1 {[%emt 0:00:44]} Kd6 {[%emt 0:00:14]} 33. Bb3 {[%emt 0:00:07]} Kc5 {[%emt 0:00:47]} 34. Ke2 {[%emt 0:00:20]} Kd4 {[%emt 0:00:33]} 35. Kd2 $1 {[%emt 0:00:06]} g5 {[%emt 0:02:10]} 36. Bc2 {[%emt 0:01:43] [#]} (36. g3 $15) 36... h5 $1 {[%emt 0:01:52]} 37. Bf5 {[%emt 0:04:05]} (37. Bb3 $17) 37... h4 {[%emt 0:12:23]} 38. g3 {[%emt 0:03:33]} Bc6 {[%emt 0:03:13]} 39. gxh4 {[%emt 0:04:46]} gxh4 {[%emt 0:00:10]} 40. Bc8 {[%emt 0:00:00]} Ke4 {[%emt 0:01:55]} 41. Ke2 {[%emt 0:04:10]} Bb5+ {[%emt 0:03:34]} 42. Kd2 {[%emt 0:07:46]} (42. Ke1 $142 Kd3 43. Bg4) 42... Kf3 {[%emt 0:07:01]} 43. Ke1 {[%emt 0:00:16]} Kg2 {[%emt 0:00:21]} 44. Bf5 {[%emt 0:02:48]} Bc4 {[%emt 0:00:53]} 45. Bg4 {[%emt 0:02:45]} (45. f4 $142) 45... Be6 {[%emt 0:01:24]} 46. Bh5 {[%emt 0:00:32]} f6 {[%emt 0:04:26]} 47. Ke2 {[%emt 0:07:17]} Bxh3 {[%emt 0:00:39]} 48. Bf3+ {[%emt 0:01:08]} Kg1 {[%emt 0:00:14]} 49. Ke3 {[%emt 0:01:15]} f5 {[%emt 0:01:13]} 50. Kf4 {[%emt 0:02:45]} Bg2 {[%emt 0:00:52]} 0-1

[Event "USA-ch Girls 2017"]
[Site "Saint Louis"]
[Date "2017.07.17"]
[Round "9"]
[White "Ulrich, Rachel J"]
[Black "Wang, Annie"]
[Result "1/2-1/2"]
[WhiteElo "2049"]
[BlackElo "2023"]
[Annotator "NA RC"]
[PlyCount "162"]
[EventDate "2017.??.??"]
[EventType "tourn"]
[EventCountry "USA"]
[SourceTitle "playchess.com"]
[Source "ChessBase"]
[SourceQuality "1"]
[TimeControl "40/5400+30:1800+30"]

1. e4 {[%emt 0:00:00]} e5 {[%emt 0:00:05]} 2. Nf3 {[%emt 0:00:00]} Nc6 {[%emt 0:00:06]} 3. Bb5 {[%emt 0:00:00]} a6 {[%emt 0:00:08]} 4. Ba4 {[%emt 0:00:00]} Nf6 {[%emt 0:00:09]} 5. O-O {[%emt 0:00:00]} Be7 {[%emt 0:00:08]} 6. Re1 {[%emt 0:00:00]} b5 {[%emt 0:00:11]} 7. Bb3 {[%emt 0:00:00]} d6 {[%emt 0:00:11]} 8. c3 {[%emt 0:00:00]} O-O {[%emt 0:00:10]} 9. h3 {[%emt 0:00:00]} Nb8 {[%emt 0:00:11]} 10. d4 {[%emt 0:00:00]} Nbd7 {[%emt 0:00:10]} 11. Nbd2 {[%emt 0:00:00]} Bb7 {[%emt 0:00:07]} 12. Bc2 {[%emt 0:00:04]} Re8 {[%emt 0:00:10]} 13. Nf1 {[%emt 0:00:06]} Bf8 {[%emt 0:00:07]} 14. Ng3 {[%emt 0:00:03]} g6 {[%emt 0:00:11]} 15. a4 {[%emt 0:00:03]} c5 {[%emt 0:00:13]} 16. d5 {[%emt 0:00:04]} c4 {[%emt 0:00:11]} 17. Bg5 {[%emt 0:00:44]} h6 {[%emt 0:00:10]} 18. Be3 {[%emt 0:00:30]} Nc5 {[%emt 0:00:27]} 19. Qd2 {[%emt 0:00:32]} h5 {[%emt 0:00:09]} 20. Bxc5 {[%emt 0:00:35] C95: Closed Ruy Lopez: Breyer Variation with 10 d4} (20. Bg5 Bg7 21. Rf1 Qc7 22. Bh6 Bh8 23. Ng5 Nh7 24. Nxh7 Kxh7 25. Be3 Qe7 26. f4 exf4 27. Bxf4 Kg8 {1-0 (51) Zherebukh,Y (2605)-Caruana,F (2817) Saint Louis 2017}) 20... dxc5 {[%emt 0:00:10]} 21. Nf1 {[%emt 0:01:30]} Qc7 {[%emt 0:05:20]} 22. Qg5 {[%emt 0:00:54]} Nh7 {[%emt 0:05:53]} 23. Qe3 {[%emt 0:01:48]} Qd6 $146 {[%emt 0:04:00]} ({Predecessor:} 23... Nf6 24. N1d2 Bd6 25. Ra2 Bf8 26. Rea1 Rec8 27. Bd1 Rd8 {1-0 (73) Degerhammar,R (2452)-Contos,V (2438) ICCF email 2012}) 24. Reb1 {[%emt 0:02:32]} Rab8 {[%emt 0:06:46]} 25. N1d2 {[%emt 0:03:42]} Bc8 26. axb5 {[%emt 0:08:20]} axb5 {[%emt 0:04:43]} 27. Ng5 {[%emt 0:05:35]} Nxg5 {[%emt 0:07:46]} 28. Qxg5 {[%emt 0:00:08]} Kh7 {[%emt 0:03:47]} 29. Qe3 {[%emt 0:10:25]} Bh6 {[%emt 0:02:22]} 30. Qe2 {[%emt 0:00:28]} Re7 {[%emt 0:12:05]} 31. b3 {[%emt 0:03:59]} cxb3 {[%emt 0:02:02]} 32. Rxb3 {[%emt 0:00:06]} Reb7 {[%emt 0:04:10]} 33. Nf3 {[%emt 0:02:29]} Bd7 {[%emt 0:06:57]} 34. Rba3 {[%emt 0:03:04]} Qe7 {[%emt 0:05:00]} (34... b4 $5 {[%cal Rb4a3]} 35. Rb3 f6 $11) 35. Ra5 {[%emt 0:06:22]} c4 {[%emt 0:04:17]} 36. Ra8 {[%emt 0:03:57]} Qe8 {[%emt 0:05:41]} 37. Rxb8 {[%emt 0:00:43]} Qxb8 {[%emt 0:02:00]} 38. Qd1 {[%emt 0:00:22]} Bg7 {[%emt 0:10:10]} 39. Ra6 {[%emt 0:05:01]} Ra7 {[%emt 0:04:49]} 40. Qa1 {[%emt 0:00:00]} Rxa6 {[%emt 0:00:18]} 41. Qxa6 {[%emt 0:00:48]} Kg8 {[%emt 0:05:45]} 42. Nd2 {[%emt 0:04:48]} (42. Bd1 $11) 42... Bf8 {[%emt 0:09:25]} 43. Qf6 {[%emt 0:06:21]} Qa8 {[%emt 0:07:01]} 44. Nf3 {[%emt 0:00:36] [#]} ({Avoid the trap} 44. Qxe5 $2 Qa2 $19) 44... Qa1+ $1 {[%emt 0:05:58]} 45. Kh2 {[%emt 0:00:13]} Qxc3 {[%emt 0:00:12]} 46. Ng5 $2 {[%emt 0:01:32]} (46. Bd1 $17 {keeps fighting.} Qb4 47. Nxe5) 46... Be8 {[%emt 0:00:57]} 47. Qd8 {[%emt 0:01:36]} (47. Bd1 {is a better defense.} Qa3 48. Nf3) 47... Qxc2 {[%emt 0:05:06]} 48. Qxe8 {[%emt 0:00:45]} Qxf2 {[%emt 0:00:15]} 49. d6 {[%emt 0:08:57]} Qf4+ {[%emt 0:00:59]} 50. Kh1 {[%emt 0:01:16]} c3 {[%emt 0:01:26]} ({Not} 50... Qxg5 51. d7 $11) 51. d7 {[%emt 0:04:12]} c2 {[%emt 0:01:04]} 52. Qxf8+ {[%emt 0:00:19]} Kxf8 {[%emt 0:00:06]} 53. d8=Q+ {[%emt 0:00:04]} Kg7 {[%emt 0:00:12]} 54. Ne6+ {[%emt 0:00:03]} fxe6 {[%emt 0:00:48]} (54... Kh7 $142 55. Nxf4 c1=Q+ 56. Kh2 Qxf4+ 57. Kh1 Qxe4) 55. Qc7+ {[%emt 0:00:03]} Qf7 {[%emt 0:00:34]} 56. Qxc2 {[%emt 0:00:15]} Qf1+ {[%emt 0:00:31]} 57. Kh2 {[%emt 0:00:04] [#]} Qc4 $1 {[%emt 0:00:14]} 58. Qb2 {[%emt 0:00:49]} Qc5 {[%emt 0:00:42]} ({Don't play} 58... Qxe4 59. Qxb5 Qd5 60. Qe8 $19) 59. Qb3 {[%emt 0:00:39]} Qb6 {[%emt 0:00:45]} 60. Qb4 {[%emt 0:01:23]} Kf7 {[%emt 0:00:32]} 61. Qd2 $2 {[%emt 0:07:49]} (61. Kg3) 61... Qd4 {[%emt 0:01:22]} (61... b4 $142 62. Qd7+ Kf8 63. Qc8+ Ke7) 62. Qc2 {[%emt 0:00:33]} (62. Qa5 $142) 62... Qd6 {[%emt 0:02:15]} 63. Qf2+ {[%emt 0:00:57]} Kg7 {[%emt 0:01:24]} 64. Qa7+ {[%emt 0:00:08]} Kh6 {[%emt 0:00:43]} 65. Qe3+ {[%emt 0:00:49]} g5 {[%emt 0:00:48]} 66. h4 {[%emt 0:03:16]} (66. Qa7 $17) 66... Qe7 {[%emt 0:00:43]} 67. Qc3 {[%emt 0:03:54]} g4 {[%emt 0:01:11]} 68. Qxe5 {[%emt 0:03:28]} Kg6 {[%emt 0:00:01]} 69. Qxb5 Qxh4+ {[%emt 0:00:02]} 70. Kg1 {[%emt 0:01:31]} Qe1+ {[%emt 0:00:04]} 71. Kh2 {[%emt 0:00:05]} Qxe4 {[%emt 0:00:14]} 72. Qe8+ {[%emt 0:00:08]} Kg5 {[%emt 0:00:18]} 73. Qe7+ {[%emt 0:01:18]} Kf4 {[%emt 0:00:10]} 74. Qf6+ {[%emt 0:00:20]} Ke3 {[%emt 0:00:54]} 75. Qc3+ {[%emt 0:00:23]} Ke2 {[%emt 0:00:25]} 76. Qb2+ {[%emt 0:00:30]} Kd3 {[%emt 0:00:35]} 77. Qb3+ {[%emt 0:01:01]} Kd2 {[%emt 0:01:49]} 78. Qa2+ $2 {[%emt 0:00:32]} (78. Qb2+ $11 {and White stays safe.} Qc2 79. Qd4+ Ke1 80. Qe5+ Kd2 81. Qd4+ Ke2 82. Qe5+ Kd2 83. Qd4+) 78... Ke3 {[%emt 0:00:29]} 79. Qa7+ $19 {[%emt 0:01:13]} Kf4 {[%emt 0:00:15]} 80. g3+ {[%emt 0:02:22]} Kf3 {[%emt 0:00:44]} 81. Qf2+ {[%emt 0:00:21]} Kxf2 {[%emt 0:00:16]} 1/2-1/2